| 000 | 00791cam a22002531 4500 | ||
|---|---|---|---|
| 001 | af 48005177 | ||
| 003 | DLC | ||
| 005 | 20260227110912.0 | ||
| 008 | 931101s1946 gw 000 0 ger c | ||
| 010 | _aaf 48005177 | ||
| 035 | _a(OCoLC)29232600 | ||
| 040 |
_aYale Univ. Library _cCU _dDLC |
||
| 042 | _apremarc | ||
| 050 | 0 | 0 |
_aBS554 _b.H4 1946 |
| 082 | _a220.95 | ||
| 100 | 1 |
_aHebel, Johann Peter, _d1760-1826. |
|
| 245 | 1 | 0 | _aBiblische Geschichten. |
| 260 |
_aKarlsruhe, _bC.F. Müller _c[1946] |
||
| 300 |
_a279 p. _c17 cm. |
||
| 500 | _a"Neuherausgegeben nach der Textaugabe, die Dr. Wilhelm Zentner in unserem Verlag im Jahre 1924 herausbrachte." | ||
| 650 | 0 | _aBible stories, German. | |
| 630 | 0 | 0 |
_aBible _xHistory of Biblical events. |
| 700 | 1 |
_aZentner, Wilhelm, _d1893- _eed. |
|
| 999 |
_c6387 _d6387 |
||